000 00616nam a2200169Ia 4500
008 090711s9999 xx 000 0 und d
082 _b1359
100 _aकोठावळे अशोक (प्रका.)
245 _aविनोद बत्तिशी
260 _bमॅजेस्टीक प्रकाशन
_c1999
300 _a176
600 _aकोठावळे अशोक (प्रका.)
630 _aविनोद बत्तिशी
700 _aकोठावळे अशोक (प्रका.)
730 _aविनोद बत्तिशी
942 _cBOOK
999 _c336343
_d336343